Statistiques concernant La quête d'Ewilan

Cliquez ici pour prendre le quiz!

Statistiques générales

  • Ce quiz a été pris 152 fois
  • Le résultat moyen est 18 sur 38

Statistiques - réponses

AllusionCorrespondance% Correct
HéroïneEwilan
94%
AuteurPierre Bottero
94%
Marchombre exceptionnelleEllana
93%
Jeune marchombreSalim
83%
Chevalier à la hacheBjorn
79%
Maître d'armesEdwin
79%
Nombre de livres9
78%
Monde parallèleGwendalavir
77%
Guile de l'harmonieMarchombre
68%
Prénom du frère de CamilleMathieu
64%
Garde d'Al-VorManiel
61%
AnalysteDuom
60%
FrontalièreSiam
59%
Frère d'une dessinatrice renomméeAkiro
52%
Guuilde du ChaosMercenaires du Chaos
50%
Démon invoqué par les ValinguitesAhmour
49%
RêveurArtis
47%
Personne vivant dans les Marches du NordFrontalier
46%
Guerrier cochonRaïs
46%
Garde d'Al-Vor défuntHans
45%
Père de l'héroïneAltan
43%
Personne vivant en GwendalavirAlavirien
42%
Mère de l'héroïneElicia
41%
Marchombre renomméJilano
37%
Sentinelle félonneElea Ril'Morienval
35%
Prince faëlChiam Vite
32%
Art qui rend réel ce qu'on imagineArt du dessin
25%
Jeune ValinguiteIllian
25%
Empereur de GwendalavirSil 'Afian
25%
Maître rêveurMaître Carboist
23%
Dessinateurs expérimentéSentinelles
22%
Marchombre légendaireEllundril Chariakin
20%
Inspecteur de policeInspecteur Franchina
17%
Dessinateur légendaireMerwyn Ril'Avalon
17%
Jeune dessinateurLiven
16%
Vieil homme vivant à Ombre BlancheMaximilien
16%
L'ennemiTs'liches
15%
FaëlleErylis
13%

Distribution des résultats

Percentile par nombre de réponses

% des personnes avec chaque résultat

Votre développement - résultats

Vous n’avez pas pris ce quiz